Chapter Case: Transition at Whirlpool-Tatramat: from Joint Venture to Acquisition

Guardado en:
Detalles Bibliográficos
Autor principal: Ferenčíková, Soňa, 1960-
Formato: Capítulo de libro
Lenguaje:inglés
Etiquetas: Agregar Etiqueta
Sin Etiquetas, Sea el primero en etiquetar este registro!

MARC

LEADER 00000naa$a2200000$$$4500
001 0066823
005 20240502083159.3
041 0 |a eng 
044 |a US 
245 1 0 |a Chapter Case: Transition at Whirlpool-Tatramat: from Joint Venture to Acquisition  |c Soňa Ferenčíková 
100 1 |a Ferenčíková, Soňa, 1960-